书目信息 |
| 题名: |
商君书译注
|
|
| 作者: | 石磊 , 董昕 译注 | |
| 分册: | ||
| 出版信息: | 哈尔滨 黑龙江人民出版社 2003 |
|
| 页数: | 193页 | |
| 开本: | 22cm | |
| 丛书名: | 二十二子详注全译 | |
| 单 册: | ||
| 中图分类: | B226.24 | |
| 科图分类: | ||
| 主题词: | 商鞅变法 | |
| 电子资源: | ||
| ISBN: | 7-207-04394-5 | |
| 000 | 00915oam2 2200301 450 | |
| 001 | 05002241373 | |
| 005 | 20051229153300.64 | |
| 010 | @a7-207-04394-5@dCNY509.10(全套) | |
| 092 | @aCN | |
| 100 | @a20050627e20042003ekmy0chiy0120 ea | |
| 101 | 0 | @achi |
| 102 | @aCN@b230000 | |
| 105 | @ay z 000yy | |
| 200 | 1 | @a商君书译注@9shang jun shu yi zhu@f石磊,董昕译注@Fshi lei,dong xin yi zhu |
| 210 | @a哈尔滨@c黑龙江人民出版社@d2003@h2004重印 | |
| 215 | @a193页@d22cm | |
| 225 | 2 | @a二十二子详注全译@f韩格平,董莲池主编 |
| 330 | @a法家是我国先秦时期的思想流派,商鞅则是法家的著名人物之一,本书主要阐述了商鞅的变法思想。 | |
| 461 | 0 | @12001 @a二十二子详注全译 |
| 605 | @a商君书@x译文 | |
| 605 | @a商君书 | |
| 606 | 0 | @a商鞅变法 |
| 690 | @aB226.24@v4 | |
| 701 | 0 | @a石磊@Ashi lei@4译注 |
| 701 | 0 | @a董昕@Adong xin@4译注 |
| 801 | 0 | @aCN@bNLC@c20051229 |
| 905 | @a10447@dB226.24@e233 | |
| 999 | @aHSJ | |
| 商君书译注/石磊,董昕译注.-哈尔滨:黑龙江人民出版社,2003(2004重印) |
| 193页;22cm.-(二十二子详注全译/韩格平,董莲池主编) |
| ISBN 7-207-04394-5:CNY509.10(全套) |
| 法家是我国先秦时期的思想流派,商鞅则是法家的著名人物之一,本书主要阐述了商鞅的变法思想。 |
| ● |
| 相关链接 |
|
|
|
|
正题名:商君书译注
索取号:B226.24/233
 
预约/预借
| 序号 | 登录号 | 条形码 | 馆藏地/架位号 | 状态 | 备注 |
| 1 | 0369811 | 203698114 | 第一样本阅览室/ [索取号:B226.24/233] | 在馆 | |
| 2 | 0369812 | 203698123 | 教育系资料室/ [索取号:B226.24/233] | 在馆 | |
| 3 | 0373151 | 203731514 | 第一借阅区/ [索取号:B226.24/233] | 在馆 | |
| 4 | 0373152 | 203731523 | 教育系资料室/ [索取号:B226.24/233] | 在馆 | |
| 5 | 0373153 | 203731532 | 第一借阅区/ [索取号:B226.24/233] | 在馆 |